000 00266nam a2200097Ia 4500
001 641683
005 20250826153512.0
008 250824s9999 xx 000 0 und d
245 0 _aKÜÇÜK KADINLAR GENÇLİK KLASİKLERİ
_cLOUISA MAYALCOTT
260 _bTİMAŞ ÇOCUK
999 _c641683
_d641683